Fashion studies : Library Resource XII (Record no. 4106)
[ view plain ]
| 000 -LEADER | |
|---|---|
| fixed length control field | 00242nam a22000857a 4500 |
| 008 - FIXED-LENGTH DATA ELEMENTS--GENERAL INFORMATION | |
| fixed length control field | 161124b xxu||||| |||| 00| 0 eng d |
| 100 ## - MAIN ENTRY--PERSONAL NAME | |
| 9 (RLIN) | 1390 |
| Personal name | CBSE |
| 245 ## - TITLE STATEMENT | |
| Title | Fashion studies : Library Resource XII |
| 260 ## - PUBLICATION, DISTRIBUTION, ETC. (IMPRINT) | |
| Place of publication, distribution, etc. | New delhih |
| Name of publisher, distributor, etc. | National Book trust |
| Date of publication, distribution, etc. | 2005 |
| Withdrawn status | Lost status | Source of classification or shelving scheme | Damaged status | Koha normalized classification for sorting | Not for loan | Home library | Current library | Shelving location | Date acquired | Total Checkouts | Full call number | Barcode | Date last seen | Price effective from | Koha item type |
|---|---|---|---|---|---|---|---|---|---|---|---|---|---|---|---|
| Dewey Decimal Classification | 373_000000000000000 | Good Samaritan School Library | Good Samaritan School Library | CURRICULUM | 11/24/2016 | 373 | CBS4896 | 11/24/2016 | 11/24/2016 | BOOK | |||||
| Dewey Decimal Classification | 373_000000000000000 | Good Samaritan School Library | Good Samaritan School Library | CURRICULUM | 11/24/2016 | 373 | CBS4897 | 11/24/2016 | 11/24/2016 | BOOK |